Independence Movements in Europe - Statistics

General Stats
  • This quiz has been taken 157 times
  • The average score is 16 of 19
Answer Stats
Country Hint Answer % Correct
Spain Northeastern Spain Catalonia
98%
Italy The largest island in the Mediterranean Sea Sicily
97%
France Island in the Mediterranean Corsica
94%
United Kingdom Would most likely unify with Ireland after independence Northern Ireland
92%
United Kingdom They have the highest proportion of redheads Scotland
92%
United Kingdom There are 4 times the amount of sheep than there are people Wales
89%
Germany The oldest and largest German state Bavaria
88%
Spain / France They speak a non-indoeuropean language Basque Country
87%
Belgium They speak Dutch Flanders
84%
Moldova Said to be the last communist bastion in Europe Transnistria
83%
France They speak a celtic language Brittany
82%
Italy This island has the highest rate of centenarians in the world Sardinia
81%
Cyprus Supported by Turkey Northern Cyprus
80%
Belgium Southern part of Belgium Wallonia
76%
Norway / Sweden / Finland / Russia Famous for their reindeer farming industry Sápmi
75%
Finland Archipelago located in the Baltic Sea Åland Islands
71%
Spain They have a lot of affinity with Portugal Galicia
70%
Bosnia Would like to unify with Serbia Republika Srpska
63%
Italy Former Republic Venice
56%
No matching quizzes found
Score Distribution
Percent of People with Each Score
Percentile by Number Answered
Your Score History
You have not taken this quiz